Pig Latin Shakespeare! Quiz Stats

 Plays Quiz not verified by Sporcle

Score 0/15 Timer 04:00
0 Plays Today
% Correct
A horse, a horse, my kingdom for a horse...
90.8%
As flies to wanton boys are we to the gods...
89.2%
All that glisters is not gold...
87.9%
If music be the food of love, play on...
87.9%
Cowards die many times before their deaths...
87.5%
To be, or not to be: that is the question...
87.1%
Parting is such sweet sorrow...
86.7%
All the world's a stage...
86.3%
% Correct
Uneasy lies the head that wears a crown...
86.3%
Full fathom five thy father lies...
86.3%
Once more unto the breach dear friends, once more...
86.3%
This royal throne of kings, this sceptred isle...
85.8%
The course of true love never did run smooth...
85.4%
Is this a dagger I see before me...
85%
I will wear my heart upon my sleeve for daws to peck at...
85%

You're not logged in!

Compare scores with friends on all Sporcle quizzes.
OR
Log In

You Might Also Like...

Show Comments

Extras

Top Quizzes Today


Score Distribution

Your Account Isn't Verified!

In order to create a playlist on Sporcle, you need to verify the email address you used during registration. Go to your Sporcle Settings to finish the process.

Report this User

Report this user for behavior that violates our Community Guidelines.

Details: